000 01322nam a2200253 a 4500
005 20191224042314.0
008 161123s2016 ck ado||||||| 00| 0 spa d
020 _a9789588935140
040 _aCO-BoIAVH
_cCO-BoIAVH
041 0 _aspa
044 _ack
082 0 4 _a578.77
_bB61m
245 0 0 _aBiodiversidad del mar de los siete colores /
_ceditado por Vides, M. [y otros 3]
260 _aSanta Marta, Colombia :
_bINVEMAR :
_bCORALINA,
_c2016.
300 _a228 páginas :
_bilustraciones a color, gráficas, tablas y fotografías a color ;
_c31 x 24 cm. +
_ecarpeta de anexos ( incluye 16 fichas de datos)
490 0 _aSerie de publicaciones generales del INVEMAR ;
_vNo. 84
504 _aIncluye referencias bibliográficas.
650 2 6 _aBiodiversidad
_xRecursos Marinos
_zMar de los siete colores (San Andrés, Colombia)
650 2 6 _aConservación de la diversidad biológica
_xRecursos Marinos
_zMar de los siete colores (San Andrés, Colombia)
650 2 6 _aBiodiversidad
_xidentificación
_zMar de los siete colores (San Andrés, Colombia)
710 2 _aInstituto de Investigaciones Marinas y Costeras - INVEMAR
710 2 _aCorporación para el Desarrollo Sostenible del Archipiélago de San Andrés, Providencia y Santa Catalina - CORALINA
942 _2ddc
_cLIBRO
_01
999 _c19135
_d19135